Canción de cuna para despertar a un negrito / (Registro nro. 12386)

Detalles MARC
000 -LIDER
fixed length control field 00688nam a22002177a 4500
001 - NÚMERO DE CONTROL
Identificador de número de control 0001620505
003 - IDENTIFICACDOR DE NÚMERO DE CONTROL
control field DO-SdBNP
005 - DATE AND TIME OF LATEST TRANSACTION
control field 20180219145329.0
007 - CAMPOS FIJOS DE DESCRIPCIÓN FÍSICA
fixed length control field 0001620505
008 - ELEMENTOS DE LONGITUD FIJA
fixed length control field 161212b 1988 cu a ||||| |||| 00| 0 spa d
040 ## - FUENTE DE CATALOGACIÓN
Agencia que crea de manera original el registro BPMSU
Idioma de catalogación spa
Agencia que realiza la transcripción BPMSU
082 ## - NÚMERO DE CLASIFICACIÓN DECIMAL DE DEWEY
Classification number xxxx
Item number xxxx
100 1# - ASIENTO PRINCIPAL -- NOMBRE PERSONAL
Nombre personal Guillén, Nicolás
245 10 - MENCIÓN DE TITULO
Título Canción de cuna para despertar a un negrito /
Mención de responsabilidad Nicolás Guillén ; [ilustraciones de Miriam González.
260 ## - PUBLICACIÓN, DISTRIBUCIÓN, ETC. (PIE DE IMPRENTA)
Lugar de publicación, distribución, etc La Habana, Cuba :
Nombre del editor, distribuidor, etc. Gente Nueva,
Fecha de publicación, distribución, etc 1988.
300 ## - DESCRIPCIÓN FÍSICA
Extensión [40] p. :
Otros detalles físicos il. ;
Dimensiones 17 cm.
700 1# - ASIENTO SECUNDARIO -- NOMBRE PERSONAL
Nombre personal González, Miriam,
Mención de responsabilidad il.
942 ## - ADDED ENTRY ELEMENTS (KOHA)
Source of classification or shelving scheme Dewey Decimal Classification
Koha item type Libros
945 ## - INFORMACIÓN DE PROCESAMIENTO LOCAL
Información de procesamiento local Inventariado, 2018 / BT
956 ## - LOCAL ELECTRONIC LOCATION AND ACCESS (OCLC)
Método de acceso LOPEREZ
Materiales especificados 10
Enlace 20161212
Campo enlazado y núm. de secuencia BPMSU
Nombre de host 00041
Existencias
Withdrawn status Lost status Source of classification or shelving scheme Damaged status Not for loan Collection code Home library Current library Date acquired Source of acquisition Total Checkouts Full call number Barcode Date last seen Price effective from Koha item type
    Dewey Decimal Classification     Colección Infantil General Biblioteca Pública Metropolitana Salomé Ureña Biblioteca Pública Metropolitana Salomé Ureña 12/12/2016 Sin sellar   xxxx xxxx BPMSU16120264 12/12/2016 12/12/2016 Libros